000 00456cam a2200193ua 4500
020 _c4.00
041 _ahin
_h
082 _a891.54
_bUPE/BA
100 _aUpendranath, Ashk .
245 _aBargath ki beti /
_cUperndranath Ashk.
_hTextual Documents
250 _a6 /
_b.
260 _aPrayag :
_bNeelab Prakashan ,
_c1966.
300 _a93 ; .
365 _a4.00
504 _a
942 _cBK
999 _c8224
_d8224